Back in action / directed by Seth Gordon ; written by Seth Gordon, Brendan O'Brien ; produced by Peter Chernin, Jenno Topping, Sharla Sumpter, Bridgett Beau Bauman, Seth Gordon. (Record no. 20910)

000 -LEADER
fixed length control field 01054nam a22002777a 4500
008 - FIXED-LENGTH DATA ELEMENTS--GENERAL INFORMATION
fixed length control field 250528b xxu||||| |||| 00| 0 eng d
040 ## - CATALOGING SOURCE
Transcribing agency Cagayan State University
Description conventions RDA
082 ## - DEWEY DECIMAL CLASSIFICATION NUMBER
Classification number 791.4372
Item number B1262 2025
245 ## - TITLE STATEMENT
Title Back in action / directed by Seth Gordon ; written by Seth Gordon, Brendan O'Brien ; produced by Peter Chernin, Jenno Topping, Sharla Sumpter, Bridgett Beau Bauman, Seth Gordon.
260 ## - PUBLICATION, DISTRIBUTION, ETC. (IMPRINT)
Place of publication, distribution, etc United States :
Name of publisher, distributor, etc Netflix,
Date of publication, distribution, etc 2025.
300 ## - PHYSICAL DESCRIPTION
Extent 1 videofile, 114 minutes :
Other physical details sound, color.
520 ## - SUMMARY, ETC.
Summary, etc Former CIA spies Emily and Matt are pulled back into espionage after their secret identities are exposed.
521 ## - TARGET AUDIENCE NOTE
Target audience note PG-13.
546 ## - LANGUAGE NOTE
Language note English.
650 ## - SUBJECT ADDED ENTRY--TOPICAL TERM
Topical term or geographic name as entry element Action.
650 ## - SUBJECT ADDED ENTRY--TOPICAL TERM
Topical term or geographic name as entry element Comedy.
700 ## - ADDED ENTRY--PERSONAL NAME
Personal name Foxx, Jamie, star.
700 ## - ADDED ENTRY--PERSONAL NAME
Personal name Diaz, Cameron, star.
700 ## - ADDED ENTRY--PERSONAL NAME
Personal name Scott, Andrew, star.
700 ## - ADDED ENTRY--PERSONAL NAME
Personal name Demetriou, Jamie, star.
700 ## - ADDED ENTRY--PERSONAL NAME
Personal name Chandler, Kyle, star.
700 ## - ADDED ENTRY--PERSONAL NAME
Personal name Close, Glenn, star.
700 ## - ADDED ENTRY--PERSONAL NAME
Personal name Seng, Ken, cinematographer.
700 ## - ADDED ENTRY--PERSONAL NAME
Personal name Elliot, Peter S., editor.
942 ## - ADDED ENTRY ELEMENTS (KOHA)
Source of classification or shelving scheme
Item type Audio-Visual Materials
Holdings
Source of acquisition Price effective from Permanent location Date last seen Not for loan Date acquired Source of classification or shelving scheme Koha item type Collection code Shelving location Damaged status Lost status Withdrawn status Current location Full call number
Donation2025-05-28Cagayan State University - Carig Library2025-05-28 2025-05-28 Audio-Visual MaterialsElectronic Media CenterElectronic Media Center   Cagayan State University - Carig Library791.4372 B1262 2025

Cagayan State University University Library, Carig Campus
Tuguegarao City, Cagayan 3500 | www.csucarig.edu.ph

Powered by Koha